| 000 | 01094nam a2200217 i 4500 | ||
|---|---|---|---|
| 001 | 183919 | ||
| 003 | ES-MaACL | ||
| 005 | 20250809015205.0 | ||
| 008 | 141127s1868 sp |||| | spa d | ||
| 245 | 0 | 0 |
_aLey municipal declarada obligatoria por decreto del gobierno provisional de 21 de octubre de 1868 / _ccon notas y observaciones por un abogado del colegio de Madrid. |
| 260 |
_aMadrid : _b[s.n.], _c1868 ( _fImprenta de los Señores Rojas) |
||
| 300 |
_a74, 40, 59 p. ; _c13 cm. |
||
| 500 | _aEn la cubierta: Ley Municipal ; Ley orgánica provincial ; Decreto sobre el ejercicio del sufragio universal. | ||
| 500 | _aCada parte con portadilla y paginacion independiente. | ||
| 505 | 8 | _aContiene: Ley Municipal (74 p.) .- Ley orgánica provincial (40 p.) .- Decreto sobre el ejercicio del sufragio universal (59 p.) | |
| 650 | 0 | 4 |
_aAdministración local- _zEspaña- _vLegislación. _99635 |
| 650 |
_aAdministración provincial- _zEspaña. _9148419 |
||
| 650 | 4 |
_aDerecho electoral- _zEspaña _911705 |
|
| 852 | 1 |
_aBA _jT-1296-F-1 _z.- Donat. Bosch |
|
| 999 |
_c183919 _d183919 |
||